01880nam a2200385 a 4500001000200000003000900002005001700011007000200028008003800030020001800068040002200086082002700108100002400135245016200159246004200321260004300363300002700406490004700433534003500480590002600515650004000541650004400581700003400625700003600659700003500695710001900730910001500749942001200764952013600776952014100912952014101053952014101194952014201335999001701477 DO-SdBNP20220321104808.0 090819s2008 mx a 000 0 spa d a9789702218265 aBPMSUbspacBPMSU a813.5bA613bl 20082221 a Ann Marsoli, Lisa 10aBlanca Nieves y los siente enanos : b¡Qué sorpresa! /cLisa Ann Marsoli ; ilustrado por Deam Devaney , y Diana Wakeman ; traducción Beatriz Stellino 13a Padres e hijos comparten y aprenden  aMéxico :bEdiciones Larousse, c2008 a42 p. :bil.,;c27 cm.0 aMi primera biblioteca familiar bilingüe  aTexto en español e inglés  6Inventariado, 2022/VM 4aCuentos infantiles estadounidenses. 4aLiteratura infantil estadounidensesv 1 aDevaney, Adameilustración 1 aWakeman, Diana eilustración 1 aStellino, Beatriz etraductor 2 aWalt Disney  aVMateo V.  2ddccBK 00102ddc40708CI-GaBPMETbBPMETd2022-03-18eCompral0oBPMSU CGI 813.5 A613bl 2008pBPMSU22030077r2022-03-18w2022-03-18yBK 00102ddc40708CI-GaBPMETbBPMETd2022-03-18eCompral0oBPMSU CGI 813.5 A613bl 2008pBPMSU22030078r2022-03-18te.2w2022-03-18yBK 00102ddc40708CI-GaBPMETbBPMETd2022-03-18eCompral0oBPMSU CGI 813.5 A613bl 2008pBPMSU22030079r2022-03-18te.3w2022-03-18yBK 00102ddc40708CI-GaBPMETbBPMETd2022-03-18eCompral0oBPMSU CGI 813.5 A613bl 2008pBPMSU22030080r2022-03-21te.4w2022-03-18yBK 00102ddc40708CI-GaBPMETbBPMETd2022-03-18eCompral0oBPMSU CGI 813.5 A613bl 2008pBPMSUI22030081r2022-03-21te.5w2022-03-18yBK c14095d14095